Score 0/20 Timer 03:00
3 Plays Today
% Correct
Nuts
98.5%
Neon
93.4%
Nickel
92.2%
Nepal
90.1%
Nevada
89.5%
Nicaragua
78.3%
Netherlands
77.6%
Noodles
77.5%
Namibia
75.4%
Nauru
66%
% Correct
Nougat
64.4%
Nitrogen
63.2%
Newfoundland
57.3%
Nebraska
49.7%
Nachos
38.1%
Nashville
30.6%
Neptunium
29.5%
Nunavut
27.3%
Nobelium
24.6%
Nectarine
15.4%

You're not logged in!

Compare scores with friends on all Sporcle quizzes.
OR
Log In

Sporcle TV

Today on Sporcle TV


Watch our educational content, quiz creation guides, and fun videos on Sporcle TV.

Show Comments

Extras

Top Quizzes Today


Score Distribution

Your Account Isn't Verified!

In order to create a playlist on Sporcle, you need to verify the email address you used during registration. Go to your Sporcle Settings to finish the process.

Report this User

Report this user for behavior that violates our Community Guidelines.

Details: